=LDR 00000nam 2200000 4500 =001 NUTBA000000000005975 =005 20141117090332.0 =006 =007 =008 =020 ##$$a 978-979-25-4889-1 =035 ##$$a 0010-111400000000454 =040 ##$$a NBPDMAT =082 ##$$a 612.662 =090 ##$$a 612.662 $b Nov t =100 ##$$a Novita Lestari =245 ##$$a Tips praktis mengetahui masa subur / $c Novita Lestari ; editor, Meita Sandra =260 ##$$a Yogyakarta : $b Kata Hati, $c 2011 =300 ##$$a 245 hlm. : $b ilus. ; $c 19 cm. =500 ##$$a Bibliografi : hlm. 231, Indeks : hlm. 139